| 000 | 01545nac a22002891u 4500 | ||
|---|---|---|---|
| 008 | 081214t xxu||||| |||| 00| 0 eng d | ||
| 010 | _a 2005054228 | ||
| 020 | _a0471736961 (alk. paper) | ||
| 020 | _a9780471736967 (alk. paper) | ||
| 035 | _a(OCoLC)ocm61463872 | ||
| 082 | 0 | 0 |
_a620.11 _bCAL |
| 100 |
_aCallister, William D., _94184 |
||
| 245 | 1 | 0 |
_aMaterials science and engineering : _ban introduction / _cWilliam D. Callister, Jr.,With Special Contributions By David G.Rethwisch. |
| 250 | _a7th ed. | ||
| 260 |
_aNew York : _bJohn Wiley & Sons, _cc2007. |
||
| 300 |
_axxv, 721, A41, G14, S5, I22 p. : _bill. (some col.) ; _c27 cm. |
||
| 500 | _aIncludes index. | ||
| 504 | _aIncludes bibliographical references and index. | ||
| 650 | 0 |
_aMaterials. _94185 |
|
| 700 |
_aRethwisch, David G. _94186 |
||
| 856 | 4 | 2 |
_3Publisher description _uhttp://www.loc.gov/catdir/enhancements/fy0625/2005054228-d.html |
| 856 | 4 | 2 |
_3Table of contents only _uhttp://www.loc.gov/catdir/enhancements/fy0625/2005054228-t.html |
| 942 |
_cBB _k620.11CAL _2ddc |
||
| 999 |
_c4937 _d4937 |
||